| 000 | 00590nam a22001937a 4500 | ||
|---|---|---|---|
| 003 | OSt | ||
| 005 | 20140225175528.0 | ||
| 008 | 140225b xxu||||| |||| 00| 0 eng d | ||
| 040 |
_aDLC _bDLC _cDLC _dDLC |
||
| 050 |
_aTK 7872 _b,D48F35 2011 |
||
| 100 |
_aFaludi, Robert _925595 |
||
| 245 |
_aBuilding wireless sensor networks _cRobert Faludi |
||
| 250 | _a1st edition | ||
| 260 |
_aBeijing, Sebastopol _bO'Reilly _cc2011 |
||
| 300 |
_axviii, 300p. _bill, maps _c24cm |
||
| 504 | _aIncludes bibliographical references and index | ||
| 650 |
_aWireless Sensor Networks _925596 |
||
| 942 |
_2lcc _cBK |
||
| 999 |
_c58738 _d58712 |
||